000
00328nam a2200157Ia 4500
100
_a
Ugural/Ansel C
650
_a
Mechanics
942
_c
BK
366
_f
25
245
_a
Mechanics of Materials
260
_b
Wiley India
_c
2008
082
_a
620.11292
_b
UGU
300
_a
716
546
_a
ENGLISH
_c
Info.Tech
999
_c
35482
_d
35482